Yo, el rey / (Registro nro. 14238)

Detalles MARC
000 -LIDER
fixed length control field 00998nam a2200325 4500
001 - NÚMERO DE CONTROL
Identificador de número de control
003 - IDENTIFICACDOR DE NÚMERO DE CONTROL
control field
005 - DATE AND TIME OF LATEST TRANSACTION
control field 20220822123120.0
008 - ELEMENTOS DE LONGITUD FIJA
fixed length control field 080604s1986 sp | |||| 000 f spa
015 ## - NÚMERO DENTRO DE LA BIBLIOGRAFÍA NACIONAL
National bibliography number
020 ## - ISBN
International Standard Book Number 8432065587
040 ## - FUENTE DE CATALOGACIÓN
Agencia que crea de manera original el registro BPMSU
Idioma de catalogación spa
Agencia que realiza la transcripción BPMSU
Convenciones de la despripción
082 ## - NÚMERO DE CLASIFICACIÓN DECIMAL DE DEWEY
Edition number 863.6
Classification number V182y 1986
Item number 22
100 1# - ASIENTO PRINCIPAL -- NOMBRE PERSONAL
Nombre personal Vallejo-Nágera, Juan Antonio
Fechas asociadas con el nombre 1926-1990
Authority record control number
245 10 - MENCIÓN DE TITULO
Título Yo, el rey /
Mención de responsabilidad Juan Antonio Vallejo-Nágera
260 ## - PUBLICACIÓN, DISTRIBUCIÓN, ETC. (PIE DE IMPRENTA)
Lugar de publicación, distribución, etc Barcelona
Nombre del editor, distribuidor, etc. Planeta,
Fecha de publicación, distribución, etc 1985.
300 ## - DESCRIPCIÓN FÍSICA
Extensión 285 p ;
Dimensiones 19 cm
490 0# - MENCIÓN DE SERIES
Mención de serie Autores espñoles e hispanoaméricanos
Volume/sequential designation
504 ## - NOTA DE BIBLIOGRAFÍA, ETC.
Bibliography, etc Bibliografía: p. 275-285
586 ## - AWARDS NOTE
Awards note "Premio Planeta 1985"
590 ## - NOTA LOCAL
Enlace Inventariado, 2022/VM
600 07 - ENCABEZAMIENTO DE MATERIA--NOMBRE PERSONAL
Nombre personal José
Numeración I,
Títulos u otras palabras asociadas con el nombre Rey de España
Subdivisión de forma Novelas
Fuente del encabezado o término embne
650 #4 - ENCABEZAMIENTO DE MATERIA--TEMÁTICO
Término temático o nombre geográfico como elemento de entrada Novela histórica española.
651 ## - ENCABEZAMIENTO DE MATERIA--NOMBRE GEOGRÁFICO
Nombre geográfico España
Subdivisión temática general Reyes y soberanos
Subdivisión cronológica Siglo XIX
Subdivisión de forma Novela .
655 #7 - INDEX TERM--GENRE/FORM
Genre/form data or focus term Novelas de humor
Source of term tgfbne
830 #0 - ASIENTO SECUNDARIO DE SERIE--TÍTULO UNIFORME
Título uniforme Novela histórica (Booket (Editorial))
Volume number/sequential designation 6036
901 ## - LOCAL DATA ELEMENT A, LDA (RLIN)
a
910 ## - VALIDACIÓN
Validación VMateo V.
942 ## - ADDED ENTRY ELEMENTS (KOHA)
Source of classification or shelving scheme Dewey Decimal Classification
Koha item type Libros
Existencias
Withdrawn status Lost status Source of classification or shelving scheme Damaged status Not for loan Collection code Home library Current library Date acquired Full call number Barcode Date last seen Price effective from Koha item type
    Dewey Decimal Classification     Colección General Biblioteca Pública Metropolitana Salomé Ureña Biblioteca Pública Metropolitana Salomé Ureña 08/22/2022 BPMSU CG 863.6 V182y 1986 BPMSU22080014 08/22/2022 08/22/2022 Libros